[Event "WEM KT 2016"]
[Site "?"]
[Date "2016.08.31"]
[Round "5.5"]
[White "Heining, Thomas"]
[Black "Klaiß, Thomas"]
[Result "1/2-1/2"]
[WhiteElo "2122"]
[BlackElo "1981"]
[PlyCount "96"]
[EventDate "2016.??.??"]
[WhiteTeam "SC Böblingen"]
[BlackTeam "SF Dornstetten-Pfalzgrafenweiler"]

1. e4 e5 2. Nf3 d6 3. d4 Nd7 4. Nc3 c6 5. Bc4 Be7 6. O-O Ngf6 7. Bb3 O-O 8. a4
a5 9. Re1 Qc7 10. Bg5 Re8 11. Bh4 h6 12. h3 Nf8 13. Bg3 Ng6 14. Bh2 Bf8 15. Qd2
Be6 16. Bxe6 Rxe6 17. Qd3 Nh5 18. Ne2 Rf6 19. Qc3 Re8 20. Ng3 Nxg3 21. Bxg3 Nf4
22. Bxf4 Rxf4 23. Qd2 Rf6 24. Rad1 Qb6 25. b3 Rfe6 26. d5 Rf6 27. Qe3 Qc7 28.
c4 c5 29. Nd2 Qd7 30. Qc3 b6 31. Re3 Kh7 32. Nf1 g6 33. Nh2 h5 34. Nf1 Bh6 35.
Rf3 Rf4 36. Rxf4 exf4 37. Qd3 Qe7 38. Nd2 Bg7 39. Qf3 Be5 40. Re1 Qf6 41. Qd3
Bc3 42. Re2 Bxd2 43. Rxd2 Qe5 44. f3 Qg5 45. Re2 Re5 46. Qd1 Kg7 47. Qe1 h4 48.
Kf1 Qf6 1/2-1/2

[Event "WEM KT 2016"]
[Site "?"]
[Date "2016.08.31"]
[Round "5.6"]
[White "Gehringer, Frank"]
[Black "Keller, Joachim"]
[Result "1/2-1/2"]
[WhiteElo "2010"]
[BlackElo "1901"]
[PlyCount "50"]
[EventDate "2016.??.??"]
[WhiteTeam "SC Leinfelden"]
[BlackTeam "SK Bebenhausen"]

1. e4 c5 2. Nf3 d6 3. d4 cxd4 4. Nxd4 Nf6 5. f3 g6 6. c4 Nc6 7. Be3 Bg7 8. Qd2
O-O 9. Be2 Be6 10. Nxe6 fxe6 11. O-O d5 12. exd5 exd5 13. cxd5 Qxd5 14. Qc1 Qe5
15. Nc3 Kh8 16. Bf4 Qf5 17. Rd1 Rad8 18. Kh1 Rxd1+ 19. Bxd1 Nh5 20. Be3 Qe5 21.
Bc2 Nd4 22. Be4 Nf5 23. Bxf5 Qxf5 24. Ne4 Rc8 25. Qd2 Nf6 1/2-1/2

[Event "WEM KT 2016"]
[Site "?"]
[Date "2016.08.31"]
[Round "5.7"]
[White "Mayer, Dietmar"]
[Black "Streiter, Manfred"]
[Result "0-1"]
[WhiteElo "1668"]
[BlackElo "1983"]
[PlyCount "90"]
[EventDate "2016.??.??"]
[WhiteTeam "SC Böblingen"]
[BlackTeam "SGem Vaihingen-Rohr"]

1. c4 Nf6 2. g3 c5 3. Bg2 Nc6 4. Nc3 g6 5. d3 Bg7 6. e4 d6 7. Nge2 a6 8. h3 Rb8
9. a4 Nd4 10. Nxd4 cxd4 11. Ne2 Nd7 12. b4 b5 13. axb5 axb5 14. cxb5 Rxb5 15.
Bd2 Qb6 16. O-O O-O 17. Ra5 Rxa5 18. bxa5 Qb5 19. Qb1 Ba6 20. Qxb5 Bxb5 21. Nf4
Bh6 22. Rd1 Bxf4 23. Bxf4 e5 24. Bd2 Ra8 25. Bf1 Kf8 26. Rc1 Ke7 27. Bb4 Rb8
28. Rb1 Ba6 29. Rb2 Nc5 30. Be2 Kd7 31. Ba3 Rxb2 32. Bxb2 Kc6 33. Bc1 Kb5 34.
Bd2 Nb3 35. Be1 Nxa5 36. Bxa5 Kxa5 37. Bd1 Bxd3 38. Bb3 f6 39. f3 Kb4 40. Bd1
Kc3 41. Kf2 Bc2 42. Be2 d3 43. Ke3 dxe2 44. Kxe2 Kd4 45. Kf2 Bxe4 0-1

[Event "WEM KT 2016"]
[Site "?"]
[Date "2016.08.31"]
[Round "5.8"]
[White "Müller, Thomas"]
[Black "Schömbs, Oliver"]
[Result "1/2-1/2"]
[WhiteElo "2027"]
[BlackElo "1874"]
[PlyCount "45"]
[EventDate "2016.??.??"]
[WhiteTeam "SV Schömberg"]
[BlackTeam "SC Ingersheim"]

1. d4 Nf6 2. Nf3 g6 3. c4 Bg7 4. Nc3 O-O 5. e4 d6 6. h3 e5 7. d5 Na6 8. Bg5 Qe8
9. g4 Nc5 10. Nd2 a5 11. Be2 Qd7 12. Qc2 Ne8 13. O-O-O b6 14. Rde1 f6 15. Be3
Qf7 16. Nb3 Na6 17. a3 Bd7 18. Nd2 Qe7 19. h4 Nc5 20. Nb3 Na6 21. Nd2 Nc5 22.
Nb3 Na6 23. Nd2 1/2-1/2

[Event "WEM KT 2016"]
[Site "?"]
[Date "2016.08.31"]
[Round "5.9"]
[White "Ruff, Robert"]
[Black "Wolf, Rainer"]
[Result "0-1"]
[WhiteElo "1864"]
[BlackElo "2013"]
[PlyCount "84"]
[EventDate "2016.??.??"]
[WhiteTeam "SK Sachsenheim"]
[BlackTeam "SC Weiße Dame Ulm"]

1. d4 g6 2. c4 Bg7 3. Nc3 d6 4. e4 Nd7 5. Be3 e5 6. d5 Ne7 7. Qd2 f5 8. f3 Nf6
9. h3 fxe4 10. fxe4 O-O 11. O-O-O Kh8 12. Nge2 Neg8 13. g4 Bd7 14. Kb1 a6 15.
Nc1 b5 16. Bd3 bxc4 17. Bc2 Qe7 18. Qg2 Rab8 19. N1e2 c6 20. g5 Nh5 21. Rdf1
Nf4 22. Nxf4 exf4 23. Bd2 Bd4 24. Kc1 cxd5 25. exd5 Bf5 26. Rxf4 Qg7 27. Rhf1
Qb7 28. Bxf5 Qxb2+ 29. Kd1 Bxc3 30. Bxc3+ Qxc3 31. Qc2 Qe5 32. Re4 Qg7 33. Rxc4
gxf5 34. h4 Rb2 35. Qa4 Rfb8 36. Rxf5 Rh2 37. Rc1 Rbb2 38. Qe4 Rbd2+ 39. Ke1
Qb2 40. Rb1 Rde2+ 41. Kf1 Ref2+ 42. Kg1 Rfg2+ 0-1

[Event "WEM KT 2016"]
[Site "?"]
[Date "2016.08.31"]
[Round "5.10"]
[White "Lüdke, Joshua"]
[Black "Yi, Danny"]
[Result "1/2-1/2"]
[WhiteElo "1934"]
[BlackElo "1835"]
[PlyCount "53"]
[EventDate "2016.??.??"]
[WhiteTeam "SV Marbach"]
[BlackTeam "SF Kornwestheim"]

1. d4 Nf6 2. c4 g6 3. Nc3 d5 4. Nf3 Bg7 5. Qb3 dxc4 6. Qxc4 O-O 7. e4 c6 8. Be2
Bg4 9. Be3 Nbd7 10. O-O-O b5 11. Qd3 b4 12. Na4 Qa5 13. Qa6 Qxa6 14. Bxa6 Nxe4
15. Kb1 Nd6 16. Rc1 Rfd8 17. Rxc6 Nb8 18. Rxd6 exd6 19. Bb7 Nd7 20. Bxa8 Rxa8
21. Rc1 Nf6 22. Kc2 Nd5 23. Kd3 Bf5+ 24. Kd2 Rc8 25. Rxc8+ Bxc8 26. Kc2 Kf8 27.
Bd2 1/2-1/2

[Event "WEM KT 2016"]
[Site "?"]
[Date "2016.08.31"]
[Round "5.11"]
[White "Klaus, Daniel"]
[Black "Engelhardt, Frank"]
[Result "1/2-1/2"]
[WhiteElo "1943"]
[BlackElo "1819"]
[PlyCount "55"]
[EventDate "2016.??.??"]
[WhiteTeam "SC Feuerbach"]
[BlackTeam "SC Botnang"]

1. e4 c5 2. Nf3 e6 3. d4 cxd4 4. Nxd4 Nc6 5. Be3 Nf6 6. Nc3 a6 7. Bd3 d6 8. O-O
Be7 9. Qe2 Bd7 10. f4 Qc7 11. Nb3 Nb4 12. Rac1 O-O 13. h3 Bc6 14. Qf2 Nxd3 15.
cxd3 Nd7 16. d4 Qd8 17. d5 Bb5 18. Nxb5 axb5 19. dxe6 fxe6 20. Nd4 Nc5 21. Rxc5
dxc5 22. Nxe6 Qd3 23. Nxf8 Bxf8 24. Bxc5 Qxe4 25. Bxf8 Rxf8 26. Qf3 Qd4+ 27.
Qf2 Rxf4 28. Qxd4 1/2-1/2

[Event "WEM KT 2016"]
[Site "?"]
[Date "2016.08.31"]
[Round "5.12"]
[White "Bauer, Dieter"]
[Black "Reindl, Arno"]
[Result "0-1"]
[WhiteElo "1724"]
[BlackElo "1809"]
[PlyCount "108"]
[EventDate "2016.??.??"]
[WhiteTeam "SF Kornwestheim"]
[BlackTeam "SG Schwäbisch Gmünd"]

1. d4 Nf6 2. Bg5 Ne4 3. Bf4 e6 4. Nd2 Nxd2 5. Qxd2 d5 6. e3 Nd7 7. Bd3 Be7 8.
Nf3 Nf6 9. Qe2 c5 10. c3 c4 11. Bc2 b5 12. Ne5 Bb7 13. h4 Nd7 14. Qg4 Nxe5 15.
dxe5 Bf8 16. h5 Qc7 17. O-O g6 18. h6 a5 19. a4 b4 20. cxb4 axb4 21. b3 Be7 22.
Bg3 Ba6 23. Rfd1 O-O 24. e4 Bb7 25. exd5 Bxd5 26. bxc4 Qxc4 27. Qxc4 Bxc4 28.
Be4 Ra7 29. Rdc1 Rc8 30. Bd3 Rac7 31. Bxc4 Rxc4 32. Rxc4 Rxc4 33. a5 b3 34. Rb1
Rb4 35. Kf1 b2 36. f3 Bg5 37. Ke2 Bxh6 38. a6 Bc1 39. Kd1 Ra4 40. a7 Rxa7 41.
Be1 Rc7 42. g3 Rc5 43. f4 g5 44. Bb4 Rc4 45. Ba3 gxf4 46. gxf4 Rxf4 47. Bxb2
Bxb2 48. Rxb2 Rg4 49. Rb5 Kg7 50. Ke2 Kg6 51. Kf3 Rg5 52. Kf4 f6 53. Rb6 Rf5+
54. Kg3 Rxe5 0-1

[Event "WEM KT 2016"]
[Site "?"]
[Date "2016.08.31"]
[Round "5.13"]
[White "Baars, Mario"]
[Black "Radek, Dieter"]
[Result "1-0"]
[WhiteElo "1741"]
[BlackElo "1962"]
[PlyCount "83"]
[EventDate "2016.??.??"]
[WhiteTeam "SG Schwäbisch Gmünd"]
[BlackTeam "SV Oberstenfeld"]

1. e4 c5 2. d4 cxd4 3. c3 d3 4. Bxd3 Nc6 5. c4 d6 6. h3 Nf6 7. Nf3 g6 8. O-O
Bg7 9. Nc3 O-O 10. Be3 b6 11. Qd2 Bb7 12. Bh6 Rc8 13. b3 e6 14. Bxg7 Kxg7 15.
Rad1 Qe7 16. Bb1 Rfd8 17. Rfe1 Rd7 18. Qe3 Rcd8 19. Rd2 Ba8 20. Red1 Bb7 21.
Nb5 Ba8 22. Nh2 e5 23. g3 Qe6 24. h4 a6 25. Nc3 Nd4 26. Nf3 Nxf3+ 27. Qxf3 Qh3
28. Na4 Ng4 29. Qg2 Qxg2+ 30. Kxg2 f5 31. Nxb6 Rf7 32. Nxa8 Rxa8 33. exf5 gxf5
34. Rxd6 f4 35. Re1 fxg3 36. f3 Nf6 37. Rxe5 Raf8 38. Rg5+ Kh8 39. Rxa6 h5 40.
Kxg3 Ne4+ 41. Bxe4 Rxf3+ 42. Bxf3 1-0

[Event "WEM KT 2016"]
[Site "?"]
[Date "2016.08.31"]
[Round "5.14"]
[White "Baumeister, Jürgen"]
[Black "Löwe, Joachim"]
[Result "0-1"]
[WhiteElo "1818"]
[BlackElo "1886"]
[PlyCount "98"]
[EventDate "2016.??.??"]
[WhiteTeam "SC Asperg"]
[BlackTeam "SK Schmiden/Cannstatt"]

1. e4 c6 2. Nc3 d5 3. Qf3 dxe4 4. Nxe4 Nf6 5. Bc4 e6 6. Ne2 Nbd7 7. d4 Nxe4 8.
Qxe4 Nf6 9. Qf3 Bd6 10. O-O Qc7 11. h3 Nd5 12. Bd2 h6 13. Rfe1 O-O 14. c3 f5
15. Bxd5 exd5 16. Bf4 g5 17. Bxd6 Qxd6 18. Rad1 f4 19. Nc1 Bf5 20. Re5 Qg6 21.
g4 fxg3 22. Qxg3 Be4 23. Rd3 Rf4 24. Re3 Raf8 25. Ne2 Qh5 26. Kf1 Rf3 27. Rxf3
Rxf3 28. Qg4 Qxh3+ 29. Qxh3 Rxh3 30. Ng3 Rh4 31. Re7 Bf3 32. Rxb7 Rh2 33. Rxa7
h5 34. Ke1 h4 35. Nf1 Rh1 36. Ra6 Bg2 37. Rxc6 Rxf1+ 38. Ke2 Kg7 39. Rc5 h3 40.
Rc7+ Kg6 41. Rc6+ Kh5 42. Rc8 Kg4 43. Rh8 Rb1 44. b3 Rb2+ 45. Ke3 Bf3 46. c4
Re2+ 47. Kd3 dxc4+ 48. bxc4 Rxa2 49. d5 Rxf2 0-1

[Event "WEM KT 2016"]
[Site "?"]
[Date "2016.08.31"]
[Round "5.15"]
[White "Tölg, Wolfgang"]
[Black "Handel, Oliver"]
[Result "0-1"]
[WhiteElo "1597"]
[BlackElo "1854"]
[PlyCount "82"]
[EventDate "2016.??.??"]
[WhiteTeam "SF Oeffingen"]
[BlackTeam "SF Kornwestheim"]

1. e4 c5 2. Nf3 d6 3. d4 cxd4 4. Nxd4 Nf6 5. Nc3 a6 6. a4 e5 7. Nb3 Be7 8. Be2
Be6 9. O-O Nbd7 10. Be3 Nb6 11. f4 Nc4 12. Bc1 exf4 13. Rxf4 O-O 14. Qd4 Ne5
15. Be3 Nfg4 16. Bd2 Bf6 17. Qb4 Bg5 18. Rff1 Bxd2 19. Nxd2 Ne3 20. Rfc1 Qg5
21. g3 h5 22. Nf3 Nxf3+ 23. Bxf3 Nc4 24. Nd1 h4 25. Qe1 Ne5 26. Bh1 f5 27. exf5
Rxf5 28. Qe3 Qf6 29. Nc3 Nf3+ 30. Kg2 h3+ 31. Kf2 Nxh2+ 32. Kg1 Nf3+ 33. Kf2 h2
34. Ne4 Nd2+ 35. Ke2 Nxe4 36. Bxe4 Re5 37. c4 Re8 38. Kd3 Rxe4 39. Qxe4 Bf5 40.
Qxf5 Qxf5+ 41. Kc3 Re3+ 0-1

[Event "WEM KT 2016"]
[Site "?"]
[Date "2016.08.31"]
[Round "5.16"]
[White "Lahouel, Kim-Luca"]
[Black "Kaiser, Andreas"]
[Result "0-1"]
[WhiteElo "1706"]
[BlackElo "1847"]
[PlyCount "98"]
[EventDate "2016.??.??"]
[WhiteTeam "Heilbronner SV"]
[BlackTeam "SV Nürtingen"]

1. e4 c6 2. d4 d5 3. e5 c5 4. c3 e6 5. Nf3 Nc6 6. a3 c4 7. Nbd2 Bd7 8. b3 b5 9.
a4 a6 10. Be2 Be7 11. O-O f6 12. exf6 Nxf6 13. Re1 O-O 14. Ba3 Ne8 15. Bxe7
Nxe7 16. Ne5 Nd6 17. axb5 Nxb5 18. Qc1 cxb3 19. Nxb3 Nc6 20. Bxb5 Nxe5 21. Bxd7
Nxd7 22. Rxe6 Qh4 23. Qe3 Nf6 24. f3 Rab8 25. Nc5 Rb2 26. h3 Qg3 27. Qe2 Rxe2
28. Rxe2 Nh5 29. Nd3 Rxf3 30. Ne5 Re3 31. Rxa6 h6 32. Rxe3 Qxe3+ 33. Kh2 Qg3+
34. Kh1 Nf4 35. Ra2 Qxc3 36. Ra8+ Kh7 37. Nd7 h5 38. Nf8+ Kh6 39. Ra6+ g6 40.
Ra2 Qxd4 41. Nd7 h4 42. Kh2 Nh5 43. Ra6 Qf4+ 44. Kg1 Qe3+ 45. Kh2 Qg3+ 46. Kh1
Nf4 47. Ra2 Nxh3 48. Nc5 Nf2+ 49. Kg1 Ng4 0-1

[Event "WEM KT 2016"]
[Site "?"]
[Date "2016.08.31"]
[Round "5.17"]
[White "Zimmermann, Tobias"]
[Black "Reindl, Knut"]
[Result "1/2-1/2"]
[WhiteElo "1820"]
[BlackElo "1791"]
[PlyCount "89"]
[EventDate "2016.??.??"]
[WhiteTeam "SC Botnang"]
[BlackTeam "SG Schwäbisch Gmünd"]

1. e4 c5 2. Nf3 d6 3. d4 cxd4 4. Nxd4 Nf6 5. Nc3 g6 6. Be3 Bg7 7. Be2 O-O 8.
O-O Nc6 9. Qd2 Bd7 10. f4 Rc8 11. Rae1 a6 12. h3 Qc7 13. g4 Nxd4 14. Bxd4 e5
15. fxe5 dxe5 16. Be3 Bc6 17. Bd3 Nd7 18. Qf2 b5 19. a4 b4 20. Nd5 Bxd5 21.
exd5 a5 22. b3 Qd6 23. Qg2 Rcd8 24. Bc4 Rfe8 25. Kh1 Nb6 26. Qf2 Nxc4 27. Qxf7+
Kh8 28. bxc4 Rf8 29. Qe6 Qxe6 30. dxe6 Rfe8 31. Bb6 Ra8 32. Rd1 Rxe6 33. c5 e4
34. Rf7 e3 35. Re1 Bc3 36. Re2 Bd4 37. Rd7 Re4 38. Kg2 Rf8 39. Rd8 Rxd8 40.
Bxd8 Bxc5 41. Kf3 Re8 42. Bxa5 Ra8 43. Bc7 Rxa4 44. Bf4 Ra2 45. Bh6 1/2-1/2

[Event "WEM KT 2016"]
[Site "?"]
[Date "2016.08.31"]
[Round "5.18"]
[White "Reindl, Jork"]
[Black "Handel, Heinz"]
[Result "1-0"]
[WhiteElo "1436"]
[BlackElo "1661"]
[PlyCount "67"]
[EventDate "2016.??.??"]
[WhiteTeam "SG Schwäbisch Gmünd"]
[BlackTeam "Rochade Metzingen"]

1. e4 e5 2. Nf3 d6 3. Nc3 Nf6 4. Bc4 h6 5. h3 Nbd7 6. d3 Nb6 7. Bb3 a5 8. a3
Be7 9. Be3 c5 10. O-O Nh7 11. Nd5 Nxd5 12. Bxd5 Ng5 13. Bxg5 Bxg5 14. c3 Rb8
15. Qb3 O-O 16. Rad1 Bd7 17. d4 Qe8 18. Qb6 Bd8 19. Qxd6 Be7 20. Qxe5 cxd4 21.
Qxd4 Qc8 22. Bxf7+ Rxf7 23. Qxd7 Qf8 24. Ne5 Rd8 25. Qa4 Rxd1 26. Qxd1 Rxf2 27.
Rxf2 Bc5 28. Qd5+ Kh7 29. Nf3 Bxf2+ 30. Kxf2 b6 31. Qf5+ Qxf5 32. exf5 h5 33.
b4 axb4 34. axb4 1-0

[Event "WEM KT 2016"]
[Site "?"]
[Date "2016.09.01"]
[Round "6.1"]
[White "Fuß, Klaus"]
[Black "Schaffert, Walter"]
[Result "0-1"]
[WhiteElo "2055"]
[BlackElo "2069"]
[PlyCount "66"]
[EventDate "2016.??.??"]
[WhiteTeam "SG Turm Albstadt"]
[BlackTeam "SG Ludwigsburg"]

1. f4 Nf6 2. g3 g6 3. Bg2 Bg7 4. e4 d6 5. d3 O-O 6. Nf3 c5 7. O-O Nc6 8. Nc3
Rb8 9. h3 b5 10. g4 b4 11. Ne2 a5 12. f5 Nd7 13. Rb1 Nde5 14. Nf4 e6 15. Be3
exf5 16. exf5 Nxf3+ 17. Bxf3 Nd4 18. fxg6 Nxf3+ 19. Qxf3 hxg6 20. Qd5 Bb7 21.
Qc4 Qh4 22. Bf2 Qd8 23. d4 cxd4 24. Bxd4 Rc8 25. Qd3 Ba6 26. Qxa6 Bxd4+ 27. Kh1
Rxc2 28. Rfd1 Be5 29. Qd3 Rf2 30. Nd5 Qh4 31. Rd2 Rxd2 32. Qxd2 Qxh3+ 33. Kg1
Qxg4+ 0-1

[Event "WEM KT 2016"]
[Site "?"]
[Date "2016.09.01"]
[Round "6.2"]
[White "Gustain, Marc"]
[Black "Wendler, David"]
[Result "1-0"]
[WhiteElo "2131"]
[BlackElo "1912"]
[PlyCount "81"]
[EventDate "2016.??.??"]
[WhiteTeam "SF Deizisau"]
[BlackTeam "SK Bebenhausen"]

1. e4 c5 2. Nf3 Nc6 3. d4 cxd4 4. Nxd4 g6 5. Nc3 Bg7 6. Be3 Nf6 7. Nxc6 bxc6 8.
e5 Ng8 9. Bd4 f6 10. f4 Qa5 11. Qd2 fxe5 12. fxe5 c5 13. Be3 Bxe5 14. Bc4 Nf6
15. O-O Bb7 16. Rae1 O-O-O 17. Nd5 Qxd2 18. Nxe7+ Kb8 19. Bxd2 Ne4 20. Bf4 Bxf4
21. Rxf4 d5 22. Bxd5 Bxd5 23. Nxd5 Rxd5 24. Rexe4 Rd2 25. Rf2 Rd1+ 26. Rf1 Rd2
27. Rc4 Re8 28. Rxc5 Ree2 29. Rg5 Rxc2 30. h4 Rxb2 31. Rf8+ Kc7 32. Rf7+ Kb6
33. Rxh7 Rxa2 34. Rxg6+ Kc5 35. h5 Re5 36. h6 Rh5 37. Rc7+ Kd4 38. Rd6+ Ke3 39.
Re7+ Kf4 40. Rd4+ Kg5 41. Re5+ 1-0

[Event "WEM KT 2016"]
[Site "?"]
[Date "2016.09.01"]
[Round "6.3"]
[White "Muschkowski, Jürgen"]
[Black "Fischer, Dietmar"]
[Result "0-1"]
[WhiteElo "2090"]
[BlackElo "1944"]
[PlyCount "48"]
[EventDate "2016.??.??"]
[WhiteTeam "SV Balingen"]
[BlackTeam "SC Böblingen"]

1. d4 Nf6 2. Bf4 g6 3. Nc3 Bg7 4. Qd2 h6 5. e4 d6 6. f3 Nfd7 7. Be3 Nb6 8. f4
Na6 9. Nf3 Bg4 10. Bxa6 bxa6 11. O-O Nc4 12. Qe2 Nxe3 13. Qxe3 Bxf3 14. Rxf3 c6
15. Kh1 Qb6 16. Rd1 Qxb2 17. Rb1 Qa3 18. h4 O-O 19. Rb3 Qa5 20. Rb7 Qh5 21. e5
Rfb8 22. Rxb8+ Rxb8 23. exd6 exd6 24. g3 Qf5 0-1

[Event "WEM KT 2016"]
[Site "?"]
[Date "2016.09.01"]
[Round "6.4"]
[White "Streiter, Manfred"]
[Black "Heining, Thomas"]
[Result "0-1"]
[WhiteElo "1983"]
[BlackElo "2122"]
[PlyCount "48"]
[EventDate "2016.??.??"]
[WhiteTeam "SGem Vaihingen-Rohr"]
[BlackTeam "SC Böblingen"]

1. d4 Nf6 2. Nf3 g6 3. g3 Bg7 4. Bg2 O-O 5. O-O d6 6. c4 Nc6 7. Nc3 a6 8. Qc2
Bf5 9. Qa4 Ne4 10. Be3 Qd7 11. Nxe4 Bxe4 12. Nd2 Bxg2 13. Kxg2 Qf5 14. Nf3 Qe4
15. Rfd1 e5 16. d5 Ne7 17. Kg1 Nf5 18. Ng5 b5 19. Nxe4 bxa4 20. Rd3 Rfb8 21. b3
Nxe3 22. Rxe3 Bh6 23. Rd3 f5 24. Nd2 e4 0-1

[Event "WEM KT 2016"]
[Site "?"]
[Date "2016.09.01"]
[Round "6.5"]
[White "Keller, Joachim"]
[Black "Lelumees, Brait"]
[Result "0-1"]
[WhiteElo "1901"]
[BlackElo "2213"]
[PlyCount "116"]
[EventDate "2016.??.??"]
[WhiteTeam "SK Bebenhausen"]
[BlackTeam "SK Schwäbisch Hall"]

1. e4 e5 2. Nf3 Nc6 3. Nc3 Nf6 4. Bb5 Nd4 5. Ba4 Bc5 6. O-O Qe7 7. d3 O-O 8.
Bg5 c6 9. Nxd4 Bxd4 10. Qf3 d6 11. Nd1 Kh8 12. c3 Bb6 13. Ne3 Bd8 14. Nf5 Qc7
15. Bc2 a5 16. Rae1 Be6 17. Re3 a4 18. d4 Bxa2 19. Bxf6 Bxf6 20. Qh5 Be6 21.
Rh3 Bxf5 22. Qxf5 h6 23. f4 Qe7 24. fxe5 dxe5 25. Qh5 a3 26. bxa3 Rxa3 27. Rhf3
Bg5 28. h4 g6 29. Qg4 Bxh4 30. dxe5 Bg5 31. e6 f6 32. Rd3 Qc5+ 33. Kh1 Qe5 34.
Qh3 Re8 35. Rfd1 f5 36. exf5 gxf5 37. e7 Rxe7 38. Rd8+ Kg7 39. Qxf5 Qxf5 40.
Bxf5 Rxc3 41. R1d7 Rxd7 42. Rxd7+ Kf6 43. g4 b5 44. Rb7 Ke5 45. Kg2 Kf4 46. Rf7
b4 47. Rf8 c5 48. Kf2 Ke5 49. Re8+ Kd5 50. Ke2 b3 51. Rb8 Rc2+ 52. Kd1 Rc1+ 53.
Ke2 c4 54. Bh7 Kd4 55. Bg8 Rc2+ 56. Kd1 Rd2+ 57. Ke1 Kc3 58. Rc8 Rd4 0-1

[Event "WEM KT 2016"]
[Site "?"]
[Date "2016.09.01"]
[Round "6.6"]
[White "Wolf, Rainer"]
[Black "Kasüschke, Lars"]
[Result "1-0"]
[WhiteElo "2013"]
[BlackElo "1941"]
[PlyCount "99"]
[EventDate "2016.??.??"]
[WhiteTeam "SC Weiße Dame Ulm"]
[BlackTeam "SG Schwäbisch Gmünd"]

1. Nf3 c5 2. e3 Nc6 3. d4 d5 4. Be2 Nf6 5. O-O Bf5 6. c4 e6 7. Nc3 Be7 8. cxd5
Nxd5 9. Qb3 Nxc3 10. bxc3 Qc7 11. Nd2 cxd4 12. cxd4 O-O 13. Bb2 Rfd8 14. Rac1
Bg6 15. Bf3 Qa5 16. Bc3 Qb6 17. Qa4 Bd3 18. Nc4 Qc7 19. Rfd1 Bxc4 20. Qxc4 Rac8
21. Ba1 Bd6 22. g3 Qe7 23. d5 exd5 24. Bxd5 Rc7 25. Qa4 Nb4 26. Rxc7 Bxc7 27.
Bxb7 Rxd1+ 28. Qxd1 Bb6 29. Qg4 g6 30. Qc8+ Qd8 31. Qc3 f6 32. Qxf6 Qxf6 33.
Bxf6 Kf7 34. Bc3 Nd3 35. Bd5+ Kf8 36. a4 a5 37. Kg2 Nc5 38. Bc6 Ke7 39. Kf3 Kd6
40. Bb5 Ne6 41. h4 Nc5 42. g4 Kd5 43. Bd4 Bd8 44. g5 Nb7 45. Ke2 Nd6 46. Kd3
Bc7 47. e4+ Ke6 48. Bc6 Ke7 49. Bc5 Ke6 50. Bd5+ 1-0

[Event "WEM KT 2016"]
[Site "?"]
[Date "2016.09.01"]
[Round "6.7"]
[White "Klaiß, Thomas"]
[Black "Gehringer, Frank"]
[Result "0-1"]
[WhiteElo "1981"]
[BlackElo "2010"]
[PlyCount "74"]
[EventDate "2016.??.??"]
[WhiteTeam "SF Dornstetten-Pfalzgrafenweiler"]
[BlackTeam "SC Leinfelden"]

1. d4 d5 2. Nf3 Nf6 3. Bg5 e6 4. e3 Be7 5. Bd3 b6 6. Qe2 Bb7 7. O-O Nbd7 8. b3
h6 9. Bf4 O-O 10. c4 c5 11. Nbd2 Rc8 12. h3 Ne4 13. Rac1 Ndf6 14. Ne5 dxc4 15.
Rxc4 Nxd2 16. Qxd2 Nd5 17. Bg3 cxd4 18. exd4 Bg5 19. f4 Be7 20. Kh2 Rxc4 21.
bxc4 Nf6 22. Qe3 Qa8 23. Rf2 Rd8 24. Re2 Qc8 25. Bf2 Bd6 26. g4 Ba8 27. Bh4 Qb7
28. Kg3 Re8 29. Bxf6 gxf6 30. Nf3 e5 31. fxe5 fxe5 32. d5 e4+ 33. Kh4 Qe7+ 34.
g5 exd3 35. Qxe7 Rxe7 36. Rd2 Re3 37. Kg4 h5+ 0-1

[Event "WEM KT 2016"]
[Site "?"]
[Date "2016.09.01"]
[Round "6.8"]
[White "Engelhardt, Frank"]
[Black "Müller, Thomas"]
[Result "0-1"]
[WhiteElo "1819"]
[BlackElo "2027"]
[PlyCount "78"]
[EventDate "2016.??.??"]
[WhiteTeam "SC Botnang"]
[BlackTeam "SV Schömberg"]

1. e4 e6 2. Nf3 d5 3. exd5 exd5 4. d4 Bd6 5. Bd3 Nc6 6. Bg5 f6 7. Bh4 Nge7 8.
Nc3 O-O 9. Qd2 Nb4 10. Be2 Bf5 11. Rc1 Re8 12. a3 Nbc6 13. Nb5 Ng6 14. Nxd6
Qxd6 15. Bg3 Qe7 16. Kf1 Qd7 17. h4 Nge7 18. h5 Nc8 19. h6 g6 20. Nh4 Nd6 21.
Bxd6 cxd6 22. Nxf5 Qxf5 23. Bd3 Qg4 24. c3 Re7 25. Re1 Rae8 26. Rxe7 Rxe7 27.
Rh3 Na5 28. f3 Qe6 29. Qe2 Qd7 30. Qc2 Qe6 31. Kg1 Qe3+ 32. Kh2 f5 33. Kh1 Qe1+
34. Kh2 Qe3 35. Kh1 Nc4 36. Bxf5 Qe1+ 37. Kh2 Ne3 38. Qb3 Nf1+ 39. Kh1 Nd2+ 0-1

[Event "WEM KT 2016"]
[Site "?"]
[Date "2016.09.01"]
[Round "6.9"]
[White "Reindl, Arno"]
[Black "Lüdke, Joshua"]
[Result "0-1"]
[WhiteElo "1809"]
[BlackElo "1934"]
[PlyCount "44"]
[EventDate "2016.??.??"]
[WhiteTeam "SG Schwäbisch Gmünd"]
[BlackTeam "SV Marbach"]

1. e4 e6 2. Nf3 d5 3. e5 c5 4. b4 cxb4 5. a3 Nc6 6. axb4 Bxb4 7. c3 Be7 8. d4
f6 9. Bd3 fxe5 10. dxe5 Nh6 11. Bxh6 gxh6 12. Qd2 Bg5 13. Qc2 Qc7 14. O-O Bf4
15. Re1 Nxe5 16. Qa4+ Nc6 17. g3 Bg5 18. c4 O-O 19. cxd5 Rxf3 20. Qe4 Ne5 21.
Bc2 Rf8 22. f4 Nf3+ 0-1

[Event "WEM KT 2016"]
[Site "?"]
[Date "2016.09.01"]
[Round "6.10"]
[White "Yi, Danny"]
[Black "Klaus, Daniel"]
[Result "1/2-1/2"]
[WhiteElo "1835"]
[BlackElo "1946"]
[PlyCount "72"]
[EventDate "2016.??.??"]
[WhiteTeam "SF Kornwestheim"]
[BlackTeam "SC Feuerbach"]

1. e4 c5 2. Ne2 e6 3. g3 d5 4. Bg2 Nf6 5. exd5 Nxd5 6. O-O Be7 7. Nbc3 Nf6 8.
d4 cxd4 9. Nxd4 a6 10. Bf4 O-O 11. Qd3 Nbd7 12. Nb3 e5 13. Be3 Qc7 14. Rad1 Rd8
15. Qe2 Rb8 16. Rd2 b5 17. Rfd1 Re8 18. Bg5 Bb4 19. Nd5 Nxd5 20. Rxd5 h6 21.
Bd2 Bxd2 22. R5xd2 Nb6 23. c3 Be6 24. Rd6 Bc8 25. Rc6 Qe7 26. Nc5 Rd8 27. Rxd8+
Qxd8 28. Qxe5 Qd1+ 29. Bf1 Bh3 30. Qe2 Qd5 31. Qe4 Qd1 32. Qe2 Rd8 33. Rxb6 Rd2
34. Nd7 Rxd7 35. Rb8+ Kh7 36. Re8 Rd2 1/2-1/2

[Event "WEM KT 2016"]
[Site "?"]
[Date "2016.09.01"]
[Round "6.11"]
[White "Schömbs, Oliver"]
[Black "Mayer, Dietmar"]
[Result "1-0"]
[WhiteElo "1874"]
[BlackElo "1668"]
[PlyCount "87"]
[EventDate "2016.??.??"]
[WhiteTeam "SC Ingersheim"]
[BlackTeam "SC Feuerbach"]

1. e4 e5 2. Nf3 Nf6 3. Nxe5 d6 4. Nf3 Nxe4 5. d4 d5 6. Bd3 Nc6 7. O-O Be7 8.
Re1 Nf6 9. h3 O-O 10. c3 Re8 11. Bg5 Nh5 12. Be3 Nf6 13. Nbd2 Bf8 14. Bc2 Ne7
15. Bg5 Qd6 16. g4 Bd7 17. Ne5 Rad8 18. Qf3 Bc8 19. Re2 h6 20. Bf4 Qb6 21. Rae1
Qxb2 22. Nf1 Qa3 23. Bxh6 Qd6 24. Bf4 Qe6 25. Ng3 Nc6 26. Bf5 Nxe5 27. dxe5 Qb6
28. Be3 d4 29. Bxd4 c5 30. exf6 Rxe2 31. Rxe2 cxd4 32. Bxc8 Rxc8 33. fxg7 Bxg7
34. Re7 Qf6 35. Qxb7 Rxc3 36. Nh5 Qf3 37. Qxf3 Rxf3 38. Rxa7 d3 39. Kg2 Rxh3
40. Kxh3 d2 41. Rd7 Bc3 42. g5 Kf8 43. Nf6 Kg7 44. Ne4 1-0

[Event "WEM KT 2016"]
[Site "?"]
[Date "2016.09.01"]
[Round "6.12"]
[White "Handel, Oliver"]
[Black "Baars, Mario"]
[Result "0-1"]
[WhiteElo "1854"]
[BlackElo "1847"]
[PlyCount "78"]
[EventDate "2016.??.??"]
[WhiteTeam "SF Kornwestheim"]
[BlackTeam "SG Schwäbisch Gmünd"]

1. e4 c6 2. d4 d5 3. Nc3 dxe4 4. Nxe4 Bf5 5. Ng3 Bg6 6. Nf3 Nd7 7. h4 h6 8. h5
Bh7 9. Bd3 Bxd3 10. Qxd3 e6 11. Bd2 Ngf6 12. a3 a5 13. c4 Bd6 14. Ne4 Nxe4 15.
Qxe4 Nf6 16. Qe2 Qc7 17. Bc3 O-O 18. O-O-O b5 19. c5 Bf4+ 20. Bd2 Bxd2+ 21.
Rxd2 a4 22. Rh4 b4 23. g4 bxa3 24. bxa3 Rab8 25. g5 Nd5 26. Rc2 Rb3 27. gxh6
Rfb8 28. Nd2 Qa5 29. Rg4 Rxa3 30. Rxg7+ Kf8 31. Rc4 Ra1+ 32. Kc2 Qb5 33. Rg8+
Kxg8 34. Qg4+ Kf8 35. h7 Ke7 36. Qg5+ Kd7 37. Qe5 Ra2+ 38. Kd3 Qb3+ 39. Nxb3
Rxb3+ 0-1